LEADER 01223nam a2200265 i 4500 001 000000363197 003 CaOOAMICUS 005 20250617110200.0 008 250617s2025 it m u000 u ita u 020 $a978-88-382-5535-9 040 $aSeMil$bita 100 1 $aPalazzo, Giuseppe,$d<1989- >.$0(OLS)http://semarc/name/122220 245 13$aLa scelta della forma processuale per un giusto giudizio di nullità matrimoniale /$cGiuseppe Palazzo. 264 1$aRoma :$bStudium,$c2025. 300 $a387 p. ;$c24 cm 490 1 $aTesi Gregoriana. Serie Diritto canonico ;$v128 504 $aBibliografia, p. [345]-378 650 4$aMatrimonio canonico - Nullità - Prassi procedurale.$0(OLS)http://semarc/subject/16152 830 0$aTesi Gregoriana. Serie Diritto canonico ;$v128.$0(OLS)http://semarc/title/400183 850 $aSeMil 852 $aSeMil$W1$xVenegono$y1$m2HA B 128$j258560$B254067$CSeMilBibl$Z2$F254067 $81 996 $6020$a978-88-382-5535-9$9(OLS)http://semarc/number/303395 996 $6245$aLa scelta della forma processuale per un giusto giudizio di nullità matrimoniale$9(OLS)http://semarc/title/454349 996 $6264$aRoma :$bStudium$9(OLS)http://semarc/publisher/29617 LEADER 00678nam a2200181 i 4500 001 000000222106 003 CaOOAMICUS 005 20130902000000.0 008 130902s1785 it u000 u fre u 013 $a201003 026 $aS.++ lee, t.ee VoQu (3) 1785 (A) 040 $aSeMil$bita 245 10$a[Epitres]. 300 $a[4], 471, [1] p. 773 0 $aVoltaire <1694-1778>$tOeuvres completes de Voltaire. Tome 1. [-92.].$d[Kehl] : De l'Imprimerie de la Société Littéraire-typographique, 1785-1789.$g13$w()4088 850 $aSeMil 852 $aSeMil$W1$xVenegono$y1$m2Q IV 88 FA$j172452$B172452$CSeMilBibl$Z2$F182865 $8I 996 $6245$a[Epitres]$9(OLS)http://semarc/title/318401